| 000 | 00610nam a2200193 a 4500 | ||
|---|---|---|---|
| 001 | 000033448 | ||
| 005 | 20240411074013.0 | ||
| 008 | 091028s1984 dr a 000 j spa d | ||
| 040 |
_aDO-SdBNP _bspa _cBNPHU |
||
| 082 |
_aRD863.44 _bB716v |
||
| 100 | 1 |
_aBonnelly de Díaz, Aída, _d1926-2013. _927991 |
|
| 245 | 1 | 0 |
_aVariaciones / _cAída Bonnelly de Díaz. |
| 260 |
_aSanto Domingo : _bTaller, _c1984. |
||
| 300 |
_a127 p. : _bil. ; _c22 cm. |
||
| 590 | _aInventariado, 2020 /LP | ||
| 650 | 0 |
_aCuentos dominicanos _9176 |
|
| 650 | 4 |
_aLiteratura dominicanos _922561 |
|
| 910 | _aValidado. Control de calidad BNPHU | ||
| 999 |
_c32939 _d32939 |
||